Luật số lớn và ứng dụng

Không gian xác suất. Luật số lớn. Một số ứng dụng của luật số lớn

সংরক্ষণ করুন:
গ্রন্থ-পঞ্জীর বিবরন
প্রধান লেখক: Đặng Thị Thúy Vân
অন্যান্য লেখক: Lê Hải Trung TS (Hướng dẫn)
বিন্যাস: গ্রন্থ
ভাষা:Vietnamese
প্রকাশিত: Đà Nẵng Đại học Đà Nẵng 2011
মালা:Luận văn Thạc sĩ. Chuyên ngành: Phương pháp toán sơ cấp. Mã số: 60.46.40
বিষয়গুলি:
ট্যাগগুলো: ট্যাগ যুক্ত করুন
কোনো ট্যাগ নেই, প্রথমজন হিসাবে ট্যাগ করুন!
Thư viện lưu trữ: Mạng thư viện Đại học Đà Nẵng
LEADER 01382nam a2200361 4500
001 000010250
003 6452
005 20120228080256.0
008 111212s2011 viesd
041 |a vie 
072 |a Luận văn Thạc sĩ Khoa học 
082 |a 519.2  |b ĐA-V 
100 |a Đặng Thị Thúy Vân 
245 |a Luật số lớn và ứng dụng  |c Đặng Thị Thúy Vân 
260 |a Đà Nẵng  |b Đại học Đà Nẵng  |c 2011 
300 |a 40 tr.  |c 29 cm  |e Bản tóm tắt 
490 |a Luận văn Thạc sĩ. Chuyên ngành: Phương pháp toán sơ cấp. Mã số: 60.46.40 
520 |a Không gian xác suất. Luật số lớn. Một số ứng dụng của luật số lớn 
653 |a Xác suất 
653 |a Luật số lớn 
653 |a Luận văn Thạc sĩ Toán sơ cấp 
653 |a Toán học 
700 |a Lê Hải Trung  |c TS  |e Hướng dẫn 
OWN |a LSP 
AVA |a UDN50  |b LSP  |d 519.2 ĐA-V  |e available  |t Error 5001 Not defined in file expand_doc_bib_avail.  |f 1  |g 0  |h N  |i 0  |k 1 
999 |a From the UDN01 
AVA |a UDN50  |b LSP  |d 519.2 ĐA-V  |e available  |t Error 5001 Not defined in file expand_doc_bib_avail.  |f 1  |g 0  |h N  |i 0  |k 1 
TYP |a Monograph 
TYP |a Printed language 
980 |a Mạng thư viện Đại học Đà Nẵng